|
|
|
|
| LEADER |
00000nab a2200000 a 4500 |
| 001 |
vtls001506193 |
| 003 |
SK-MaSNL |
| 005 |
20260304011715.0 |
| 008 |
150305s1999 xo 000 0 slo |
| 015 |
|
|
|a SNBRB1999
|
| 035 |
|
|
|a SPKCL8520
|
| 040 |
|
|
|a SPKCL
|b slo
|c SNKBUCL
|d ÚIP-SPK(DG)
|e AACR2
|
| 041 |
|
|
|a slo
|
| 044 |
|
|
|a xo
|c SK
|
| 080 |
|
|
|a 372.857:371.335.7
|2 1981
|
| 100 |
1 |
|
|a Mojžišová, Agnesa,
|d 1945-
|4 aut
|9 38034
|
| 245 |
1 |
0 |
|a Ekopedagogika alebo "kriedové" vyučovanie biológie na gymnáziách
|c A. Mojžišová
|
| 650 |
0 |
7 |
|a biológia
|2 snkbucl
|9 689
|
| 650 |
0 |
7 |
|a ekológia
|2 snkbucl
|9 785
|
| 650 |
0 |
7 |
|a vyučovacie metódy
|2 snkbucl
|9 1521
|
| 650 |
0 |
7 |
|a gymnáziá
|2 snkbucl
|9 16386
|
| 773 |
1 |
|
|t Pedagogické rozhľady
|g Roč. 8, č. 2 (1999), s. 19-20
|
| 850 |
|
|
|a Slovenská pedagogická knižnica Bratislava
|
| 852 |
|
|
|a SPKCL
|b KIS3GCP
|b 000710000
|n SK
|
| 999 |
|
|
|c 2567621
|d 2569551
|